000 00389nam a2200157Ia 4500
008 240729s9999 xx 000 0 und d
022 _a1678-4782
245 0 _aJornal de Pediatria
260 _aNetherlands
260 _bElsevier
650 _a Pediatrics
650 _aMedicine
856 _uhttps://doaj.org/toc/3eabedcf15d4401488066034236a3167
942 _2ddc
942 _cDOAJEJ
999 _c67475
_d67475
945 _a1
_bMadushi Gamage
_c1
_dMadushi Gamage